LEADER 01913nam a22003013i 4500 001 991000902249707536 005 20230323100332.0 008 040220s1977 it |||||||||||||||||ita 035 $ab12687674-39ule_inst 035 $aARCHE-068603$9ExL 040 $aDip.to Scienze pedagogiche$bita$cA.t.i. Arché s.c.r.l. Pandora Sicilia s.r.l. 082 04$a373 111 2 $aConvegno nazionale Programmazione ed attuazione della riforma della scuola secondaria superiore: nuovi contenuti culturali ... <1976 ; Milano>$0784931 245 10$aScuola, cultura, professione :$batti del Convegno nazionale Programmazione ed attuazione della riforma della scuola secondaria superiore : nuovi contenuti culturali e nuova professionalità : Provincia di Milano, 26, 27, 28 novembre 1976 /$cscritti di Silvino Grussu ... [et al.] ; presentazione di Roberto Vitali ; [a cura del C.I.S.E.M.] ; in appendice i due nuovi progetti di riforma della scuola secondaria superiore del PCI e del governo 264 4$aMilano :$bG. Feltrinelli,$c1977 300 $a254 p. ;$c20 cm 490 0 $aCose italiane. Documenti dibattiti inchieste 500 $aIn appendice i due nuovi progetti di riforma della scuola secondaria superiore del PCI e del Governo 650 4$aScuola secondaria superiore$xRiforma$xCongressi$y1976 700 1 $aGrussu, Silvino$eauthor$4http://id.loc.gov/vocabulary/relators/aut$0245649 700 1 $aVitali, Roberto 907 $a.b12687674$b30-10-17$c17-03-04 912 $a991000902249707536 945 $aLE022 MPs-S 130 F 5$g1$i2022000100823$lle022$o-$pE0.00$q-$rl$s-$t0$u0$v0$w0$x0$y.i13199110$z17-03-04 945 $aLE023$g1$i2023000170236$lle023$nDATRI/MODIF/2017$nFondo Angelo Semeraro DR n. 414 del 6/6/2016$og$pE12.00$q-$rn$so$t0$u0$v0$w0$x0$y.i15802413$z04-04-17 996 $aScuola, cultura, professione$91747230 997 $aUNISALENTO 998 $ale022$ale023$b17-03-04$cm$da$e-$fita$git$h0$i1 LEADER 01860nam 2200253la 450 001 9910481769803321 005 20221102155735.0 035 $a(UK-CbPIL)2090327081 035 $a(CKB)5500000000086173 035 $a(EXLCZ)995500000000086173 100 $a20221102d1680 uy | 101 0 $adut 135 $aurcn||||a|bb| 200 13$a'T Recht gebruyck van des Heeren H. Avontmael, soo voor als na de bedieninge bestaende in meditatien, gebeden en danck-seggingen door C. Drelincourt, P. Du Moulin, en verscheyden andere godt-geleerden Item, De klachte van een swaermoedige ziele, over 't gebruyck van 't H. Avondtmael, met een nevensgaende troost, door S. Simonides Als mede De nootsakel?ckheydt des H. Avontmaels; neffens een bel?denisse des geloofs, voor die haer tot het selve willen begeven, door G. Udemans Noch is op nieuws hier by-gevoeght De reyse na Beth-El, of Het huys Godts . 210 $aAmsterdam $cAndries & Lindenius Vinck, David$d1680 215 $aOnline resource (xxviii, 276 p, 12°) 300 $aReproduction of original in Koninklijke Bibliotheek, Nationale bibliotheek van Nederland. 700 $aDrelincourt$b Charles$f1595-1669.$0933156 801 0$bUk-CbPIL 801 1$bUk-CbPIL 906 $aBOOK 912 $a9910481769803321 996 $aT Recht gebruyck van des Heeren H. Avontmael, soo voor als na de bedieninge bestaende in meditatien, gebeden en danck-seggingen door C. Drelincourt, P. Du Moulin, en verscheyden andere godt-geleerden Item, De klachte van een swaermoedige ziele, over 't gebruyck van 't H. Avondtmael, met een nevensgaende troost, door S. Simonides Als mede De nootsakel?ckheydt des H. Avontmaels; neffens een bel?denisse des geloofs, voor die haer tot het selve willen begeven, door G. Udemans Noch is op nieuws hier by-gevoeght De reyse na Beth-El, of Het huys Godts$92200510 997 $aUNINA